000 00669nam a2200205Ia 4500
005 20260121110344.0
008 008 260114s9999 xx 000 0 hin d
020 _a9788132361343
037 _aEBOOK
040 _aCRL
_bhin
_cCRL
041 _ahin
_2hin
084 _qCRL
100 _aप्रवेश खट्टर / Omkar Nath Mishra
_9945167
245 0 _aयोग एवं शारीरिक शिक्षा / Yog aur sharirik shiksha
260 _bभाषा प्रकाशन / Bhasha Prakashan
_c2021
856 _uhttps://bhashaprakashan.com/product-details/379085
942 _cEBOOK
999 _c1536831
_d1536831